How Many Brands can you Name? - Statistics

General Stats
  • This quiz has been taken 194 times
    179 since last reset
  • The average score is 50 of 400
Answer Stats
Brand: % Correct
Apple
71%
Adidas
70%
Nike
66%
McDonalds
61%
Burger King
57%
Samsung
55%
Coca-Cola
52%
KFC
48%
Walmart
48%
Google
47%
Gucci
47%
Wendy's
47%
Twitter (X)
45%
Pepsi
44%
Starbucks
43%
Toyota
43%
Microsoft
42%
Target
42%
Walt Disney
42%
BMW
40%
Ferrari
40%
Netflix
40%
Dunkin' Donuts
39%
Honda
38%
Audi
36%
Mercedes-Benz
36%
Facebook
34%
Fanta
34%
Sony
34%
Chevrolet
32%
Tesla
32%
Youtube
32%
ABC
31%
Domino's
31%
Nintendo
31%
Sprite
31%
TikTok
31%
XBOX
31%
Acer
30%
Fox
30%
Chick-Fil-A
29%
Lamborghini
29%
Arby's
27%
AT&T
27%
Cartoon Network
27%
Costco Wholesale
27%
Lego
27%
Subway
27%
HBO
26%
Spotify
26%
Asus
25%
HP
25%
Nestle
25%
Nissan
25%
Porsche
25%
Visa
25%
7up
23%
Aldi
23%
Best Buy
23%
Intel
23%
Nickelodeon
23%
Shell
23%
Asics
22%
Bank of America
22%
Chipotle
22%
Doritos
22%
Dr. Pepper
22%
Fiat
22%
Hulu
22%
Kia
22%
Mastercard
22%
Paramount
22%
The Home Depot
22%
Warner Bros
22%
Bentley
21%
Colgate
21%
Dodge
21%
Lexus
21%
NBC
21%
Rolex
21%
T-Mobile
21%
3M
19%
Lacoste
19%
LG
19%
NBA
19%
Verizon
19%
Alfa Romeo
18%
BP
18%
Meta
18%
NFL
18%
Panasonic
18%
Yamaha
18%
Zara
18%
20th Century Fox
17%
Android
17%
Bing
17%
Burberry
17%
Chili's
17%
Ebay
17%
IBM
17%
Jetpunk
17%
NHL
17%
PBS
17%
Popeyes
17%
Accenture
16%
BBC
16%
Chase
16%
Hardee's
16%
Heinz
16%
Lipton
16%
MLB
16%
New Balance
16%
PayPal
16%
Peugeot
16%
Pringles
16%
Unilever
16%
UPS
16%
Adult Swim
14%
Atari
14%
Avon
14%
Calvin Klein
14%
Chrysler
14%
Crocs
14%
General Mills
14%
Gillette
14%
Krispy Kream
14%
Motorola
14%
Nokia
14%
Papa John's
14%
Roblox
14%
Avis
13%
Barbie
13%
Ben & Jerry's
13%
Columbia Pictures
13%
FedEx
13%
Jack in the Box
13%
John Deere
13%
Michelin
13%
Nasa
13%
Panda Express
13%
P&G
13%
Toshiba
13%
WhatsApp
13%
Yahoo!
13%
Aaron's
12%
Abbvie
12%
Allianz
12%
Ally
12%
BIC
12%
Canon
12%
Disney Channel
12%
Fila
12%
Hasbro
12%
Honey
12%
ING
12%
J. P. Morgan
12%
Minecraft
12%
Reddit
12%
Sharp
12%
Toys R Us
12%
Vodafone
12%
5-Hour Energy
10%
Angry Birds
10%
Axa
10%
Barclays
10%
Boomerang
10%
Comcast
10%
Danone
10%
Kodak
10%
Land Rover
10%
LinkedIn
10%
Mobil
10%
Orange
10%
Pfizer
10%
Sporcle
10%
Sprint
10%
Time
10%
3 Musketeers
9%
AIG
9%
Amtrak
9%
Ariel
9%
Aveeno
9%
Boeing
9%
BT
9%
Cheerios
9%
Chiquita
9%
Crayola
9%
Dave
9%
Goldman Sachs
9%
Harley Davidson
9%
Holiday Inn
9%
Kroger
9%
Monster Energy
9%
Nascar
9%
Nescafe
9%
Proton
9%
Sam's Club
9%
Twitch
9%
Uber
9%
USPS
9%
Aflac
8%
Auchan
8%
Caterpillar
8%
Cinnabon
8%
Costa Coffee
8%
EA Sports
8%
Fritolay
8%
Game Show Network
8%
Hanes
8%
ITV
8%
Linux
8%
Nando's
8%
National Geographic
8%
Santander
8%
Saturn
8%
Sour Patch Kids
8%
Steam
8%
The North Face
8%
Uniqlo
8%
Aetna
6%
Arm & Hammer
6%
Bed Bath & Beyond
6%
Benq
6%
Braun
6%
Carnival Cruise
6%
Casio
6%
Cinar
6%
Citibank
6%
CVS Pharmacy
6%
Duolingo
6%
Dyson
6%
Formula 1
6%
Geico
6%
Golden Corral
6%
Opera
6%
Pinterest
6%
Polaroid
6%
Purina
6%
Ray-Ban
6%
Salesforce
6%
Schweppes
6%
Six Flags
6%
SoundCloud
6%
Uno!
6%
USAA
6%
Virgin
6%
Youtube Kids
6%
American Red Cross
5%
Among Us
5%
Bacardi
5%
Band-Aid
5%
Blockbuster
5%
Blogger
5%
Capital One
5%
Carter's
5%
Chupa Chups
5%
Coffee Mate
5%
Daisy
5%
DC Comics
5%
DHX Media
5%
Downy
5%
Etsy
5%
Feastable's
5%
IMDb
5%
Kool-Aid
5%
Looney Tunes
5%
Lysol
5%
M6
5%
Maggi
5%
OMation
5%
Qantas
5%
Safeway
5%
Samsonite
5%
SoFi
5%
Squishmallows
5%
Tide
5%
Tostitos
5%
Tripadvisor
5%
Viacom
5%
Wawa
5%
Wrangler
5%
WWF
5%
Bai
4%
Battle For Dream Island
4%
Best Western
4%
Bojangles
4%
Budget
4%
Cummins
4%
GarageBand
4%
Hub Network
4%
Internet Explorer
4%
iTunes
4%
Klasky Csupio
4%
Kleenex
4%
Leap Frog
4%
Lucky Charms
4%
Lufthansa
4%
Nelvana
4%
Oakley
4%
Olympics
4%
Pillsbury
4%
Playboy
4%
Progressive
4%
Screen Gems
4%
Silk
4%
Sunkist
4%
Texaco
4%
The Hershey Company
4%
The Laughing Cow
4%
The New York Times
4%
The YMCA
4%
Tristar
4%
TurboTax
4%
Tyson
4%
Welch's
4%
Xtra
4%
Zillow
4%
Capcut
3%
Carhatt
3%
Cascade
3%
Deutshce Telekom
3%
Dropbox
3%
Elmer's
3%
Emergen-C
3%
Evernote
3%
Fabuloso
3%
Farmers Insurance
3%
Fruit Ninja
3%
Google Drive
3%
Grainger
3%
Halo
3%
Hey Dude
3%
Johnson's
3%
KOA
3%
Kohl's
3%
Kona Ice
3%
Lifetime
3%
Lindt
3%
Lunchables
3%
Marco's Pizza
3%
McCormick
3%
Microsoft Office
3%
Microsoft Outlook
3%
Microsoft Windows
3%
Mitsubishi Motors
3%
Mondo Llama
3%
O' Reilly Auto Parts
3%
Paper-Mate
3%
Perrier
3%
Playskool
3%
Princess Cruises
3%
Puffs
3%
Rovio
3%
Safari
3%
Siri
3%
Sling
3%
Smart & Final
3%
Smuckers
3%
Stella Artois
3%
Suave
3%
Swiffer
3%
Tefal
3%
Thermoflask
3%
Tour De France
3%
V-Tech
3%
Wilson
3%
Zumiez
3%
Brawl Stars
1%
Chef Boyardee
1%
Expedia
1%
Facemoji
1%
Jot
1%
Known
1%
Leapster
1%
Louis-Vitton
1%
Mathnasium
1%
McLane
1%
Metro by T-Mobile
1%
Milk Duds
1%
Mojang Studios
1%
Museum of London
1%
Oculus
1%
Pez
1%
QuickBooks
1%
Quicktime
1%
Radioshack
1%
Savemart
1%
Snuggle
1%
Sunny-D
1%
TCL
1%
Thomas Cook
1%
United Nations
1%
Vanguard
1%
Visiting Angles
1%
Volcom
1%
WeChat
1%
Zippo
1%
Marathon
0%
No matching quizzes found
Score Distribution
Percent of People with Each Score
Percentile by Number Answered
Your Score History
You have not taken this quiz since the last reset